Pichia pastoris/ Methods and Protocols

Enregistré dans:
Détails bibliographiques
Autres auteurs: Garcia-Ortega, Xavier editor
Format: Livre
Langue:slovaque
Publié: New York: Humana Press, 2026.
Collection:Methods in Molecular Biology 2697
Accès en ligne:Voir à l'OPAC
Tags: Ajouter un tag
Pas de tags, Soyez le premier à ajouter un tag!

MARC

LEADER 00000nam a22000007a 4500
003 SK-BrSCK
005 20260317140024.0
008 260317b xo ||||| |||| 00| 0 slo d
020 |a 9781071647783 
040 |a SK-BrSCK  |b slo  |c SK-BrSCK 
245 |a Pichia pastoris/  |b Methods and Protocols  |c Xavier García-Ortega, Anton Glieder, Karin Kovar, Lukas Rieder, Editors 
260 |a New York:  |b Humana Press,  |c 2026. 
300 |a xvii, 682 s.:  |b Obr., tab.;  |c 26 cm. 
490 |a Methods in Molecular Biology   |v 2697  |x ISSN 1940-6029 
700 |a Garcia-Ortega, Xavier  |d editor  |9 2461 
942 |2 udc  |c 14 
999 |c 12544  |d 12544